| 000 | 00508nam a2200145Ia 4500 | ||
|---|---|---|---|
| 008 | 181023s9999 xx 000 0 und d | ||
| 020 | _a9781138629660 | ||
| 100 | _aBucher, John. | ||
| 245 |
_cJohn Bucher.-- _aStorytelling for virtual reality : _bmethods and principles for crafting immersive narratives / |
||
| 260 |
_aNew York : _bRoutledge _c2018 |
||
| 300 | _axi, 333 pages. | ||
| 500 | _aIncludes bibliographic references and index. | ||
| 650 | _aMass media -- authorship. | ||
| 650 | _aVirtual reality. | ||
| 999 |
_c359342 _d359342 |
||